How international law works : (Record no. 5801)
[ view plain ]
| 000 -LEADER | |
|---|---|
| fixed length control field | 01115cam a2200289Ma 4500 |
| 001 - CONTROL NUMBER | |
| control field | ocn624431897 |
| 003 - CONTROL NUMBER IDENTIFIER | |
| control field | OCoLC |
| 005 - DATE AND TIME OF LATEST TRANSACTION | |
| control field | 20200817162647.0 |
| 008 - FIXED-LENGTH DATA ELEMENTS--GENERAL INFORMATION | |
| fixed length control field | 100519t20102008nyu b 001 0 eng d |
| 020 ## - INTERNATIONAL STANDARD BOOK NUMBER | |
| International Standard Book Number | 9780199739288 |
| 020 ## - INTERNATIONAL STANDARD BOOK NUMBER | |
| International Standard Book Number | 0199739285 |
| 029 1# - (OCLC) | |
| OCLC library identifier | AU@ |
| System control number | 000046094827 |
| 035 ## - SYSTEM CONTROL NUMBER | |
| System control number | (OCoLC)624431897 |
| 037 ## - SOURCE OF ACQUISITION | |
| Source of stock number/acquisition | Oxford Univ Pr, 2001 Evans rd, Cary, NC, USA, 27513 |
| Note | SAN 202-5892 |
| 040 ## - CATALOGING SOURCE | |
| Original cataloging agency | NLE |
| Language of cataloging | eng |
| Transcribing agency | NLE |
| Modifying agency | CUD |
| -- | YDXCP |
| -- | TWC |
| -- | LOA |
| -- | BDX |
| -- | OCLCF |
| -- | OCLCO |
| -- | OCLCQ |
| -- | SFR |
| 049 ## - LOCAL HOLDINGS (OCLC) | |
| Holding library | TZAA |
| 050 #4 - LIBRARY OF CONGRESS CALL NUMBER | |
| Classification number | KZ3410 |
| Item number | .G89 2010 |
| 100 1# - MAIN ENTRY--PERSONAL NAME | |
| Personal name | Guzmán, Andrew T. |
| 245 10 - TITLE STATEMENT | |
| Title | How international law works : |
| Remainder of title | a rational choice theory / |
| Statement of responsibility, etc | Andrew T. Guzman. |
| 260 ## - PUBLICATION, DISTRIBUTION, ETC. (IMPRINT) | |
| Place of publication, distribution, etc | New York : |
| Name of publisher, distributor, etc | Oxford University Press, |
| Date of publication, distribution, etc | 2010, 2008. |
| 300 ## - PHYSICAL DESCRIPTION | |
| Extent | xi, 260 pages ; |
| Dimensions | 24 cm |
| 504 ## - BIBLIOGRAPHY, ETC. NOTE | |
| Bibliography, etc | Includes bibliographical references (pages 237-247) and index. |
| 505 0# - FORMATTED CONTENTS NOTE | |
| Formatted contents note | Introduction -- A general theory of international law -- Reputation -- International agreements -- Customary international law -- Understanding international law. |
| 650 #0 - SUBJECT ADDED ENTRY--TOPICAL TERM | |
| Topical term or geographic name as entry element | International law. |
| 650 #7 - SUBJECT ADDED ENTRY--TOPICAL TERM | |
| Topical term or geographic name as entry element | International law. |
| Source of heading or term | fast |
| 942 ## - ADDED ENTRY ELEMENTS (KOHA) | |
| Source of classification or shelving scheme | Library of Congress Classification |
| Koha item type | Books |
| Home library | Current library | Date acquired | Full call number | Barcode | Koha item type | Public note |
|---|---|---|---|---|---|---|
| African Court on Human and Peoples' Rights Library | African Court on Human and Peoples' Rights Library | 17/08/2020 | KZ3410 .G89 | 10205063 | Books | Donation by the International Law Book Foundation (ILBF) |
